Sporcle Revisited II Quiz Stats

 Plays Quiz Updated Oct 9, 2012

Also try: Sporcle Revisited
Challenge
Share
Tweet
Embed
Score 0/60 Timer 03:00
2 Plays Today
% Correct
King
99.2%
Queen
99.1%
Pawn
98.5%
Knight
97.5%
Lettuce
96.5%
Rook
95.3%
Cheese
95.3%
English
94.6%
Pickles
93.9%
Lake Michigan
93.5%
French
93.5%
Straight Flush
93%
Flush
92.4%
Onions
92.3%
Lake Erie
92.1%
Spanish
91%
Straight
89.8%
Special Sauce
89.7%
Lake Superior
89.2%
Two Pair
87.8%
Sesame Seed Bun
87.4%
One Pair
86.8%
Sweden
84.7%
Sean Connery
84.3%
Charlie Bucket
83.2%
Three of a Kind
82.9%
Lake Ontario
82.8%
Bishop
82.1%
Greece
80.9%
Pierce Brosnan
80.2%
% Correct
Chinese
79.6%
Full House
79.1%
Marcia
76.9%
Turkey
76.7%
Daniel Craig
74.9%
Lake Huron
72.9%
Belgium
72.7%
Violet Beauregarde
71.2%
Jan
71%
United Kingdom
68.6%
Cindy
67.4%
Augustus Gloop
65.4%
Greg
65.4%
Two All Beef Patties
65.2%
Russian
62.6%
Peter
60.2%
Mike Teavee
58.2%
Roger Moore
57.6%
Four of a Kind
56.7%
Luxembourg
54%
Bobby
50.6%
Veruca Salt
47%
Liechtenstein
46.4%
Timothy Dalton
44.6%
Cyprus
39.4%
Arabic
38.1%
High Card
38.1%
George Lazenby
30.1%
Kosovo
30.1%
Montenegro
16.7%

You're not logged in!

Compare scores with friends on all Sporcle quizzes.
Join for Free
OR
Log In

You Might Also Like...

Show Comments

Extras

Top Quizzes Today


Score Distribution

Your Account Isn't Verified!

In order to create a playlist on Sporcle, you need to verify the email address you used during registration. Go to your Sporcle Settings to finish the process.

Report this User

Report this user for behavior that violates our Community Guidelines.

Details: